| Record ID | ia:rickyricottasmig00pilkrich |
| Source | Internet Archive |
| Download MARC XML | https://archive.org/download/rickyricottasmig00pilkrich/rickyricottasmig00pilkrich_marc.xml |
| Download MARC binary | https://www.archive.org/download/rickyricottasmig00pilkrich/rickyricottasmig00pilkrich_meta.mrc |
LEADER: 01722cam 2200421 a 4500
001 ocm49918134
003 OCoLC
005 20090731175235.0
008 020604s2000 nyua b 000 1 eng c
040 $aUBY$cUBY$dZZC$dOCLCQ$dOCL$dBTCTA$dNPL$dSINLB$dOTP$dUPZ
020 $z0590307207 (pbk.) :$c$3.99
035 $a(OCoLC)49918134
042 $apcc
050 00 $aPZ7.P63123$bRi 2000
050 4 $aLT4070.P63123$bR53 2000
082 14 $a[Fic]
100 1 $aPilkey, Dav,$d1966-
240 10 $aRicky Ricotta's giant robot
245 10 $aRicky Ricotta's mighty robot :$bthe first adventure novel /$cby Dav Pilkey ; pictures by Martin Ontiveros.
260 $aNew York :$bScholastic,$c2000.
300 $a111 p. :$bill. ;$c20 cm.
500 $a"Originally published as Ricky Ricotta's giant robot"--T.p.
520 $aRicky Ricotta, a small mouse, saves a giant robot from his evil creator, Dr. Stinky, and in turn, the robot protects Ricky from the bullies at school and it saves the city from Dr. Stinky's plan to destroy it.
650 0 $aMice$vJuvenile fiction.
650 0 $aRobots$vJuvenile fiction.
650 0 $aBullying$vJuvenile fiction.
650 0 $aHelping behavior$vJuvenile fiction.
650 1 $aMice$vFiction.
650 1 $aRobots$vFiction.
650 1 $aToy and movable books.
650 8 $aHelpfulness$vFiction.
700 1 $aOntiveros, Martin,$eill.
938 $aBaker and Taylor$bBTCP$nbl2002006581
952 $a49918134$zUBY$bBRIGHAM YOUNG UNIV LIBR$hFull$iLCC$kDDC$nSummary$ppcc$u20090526
952 $a368151543$zUBY$bBRIGHAM YOUNG UNIV LIBR$hFull$kDDC$nSummary$ppcc$qCat$u20090602
029 1 $aNZ1$b11618762
994 $aZ0$bPMR
948 $hNO HOLDINGS IN PMR - 474 OTHER HOLDINGS